Effektiver Umstieg auf Windows 7 und Office 2007 (Record no. 6735)
[ view plain ]
| 000 -LEADER | |
|---|---|
| fixed length control field | 00374nas a22001697i 4500 |
| 001 - CONTROL NUMBER | |
| control field | 7992 |
| 003 - CONTROL NUMBER IDENTIFIER | |
| control field | OSt |
| 005 - DATE AND TIME OF LATEST TRANSACTION | |
| control field | 20170216211012.0 |
| 007 - PHYSICAL DESCRIPTION FIXED FIELD--GENERAL INFORMATION | |
| fixed length control field | tu |
| 008 - FIXED-LENGTH DATA ELEMENTS--GENERAL INFORMATION | |
| fixed length control field | 161220s2009 xxu||||| |||| 00| 0 d |
| 024 7# - OTHER STANDARD IDENTIFIER | |
| Standard number or code | 7992 |
| Source of number or code | RID |
| 040 ## - CATALOGING SOURCE | |
| Transcribing agency | OSt |
| 110 2# - MAIN ENTRY--CORPORATE NAME | |
| Corporate name or jurisdiction name as entry element | bfi Wien |
| 245 00 - TITLE STATEMENT | |
| Title | Effektiver Umstieg auf Windows 7 und Office 2007 |
| 260 ## - PUBLICATION, DISTRIBUTION, ETC. | |
| Place of publication, distribution, etc. | Bodenheim : |
| Name of publisher, distributor, etc. | Herdt, |
| Date of publication, distribution, etc. | 2009. |
| 300 ## - PHYSICAL DESCRIPTION | |
| Dimensions | 30cm |
| 942 ## - ADDED ENTRY ELEMENTS (KOHA) | |
| Koha item type | Paper |
| Withdrawn status | Lost status | Damaged status | Not for loan | Home library | Current library | Shelving location | Date acquired | Inventory number | Total Checkouts | Barcode | Date last seen | Price effective from | Koha item type |
|---|---|---|---|---|---|---|---|---|---|---|---|---|---|
| WIIW | WIIW | Library | 11/02/2010 | 7992 | 10004008 | 01/26/2017 | 01/26/2017 | Paper | |||||
| WIIW | WIIW | Library | 11/02/2010 | 7992 | 10004009 | 01/26/2017 | 01/26/2017 | Paper |
